Fluid mechanics with student cd / (Record no. 29610)

000 -LEADER
fixed length control field 00723 a2200205 4500
020 ## - INTERNATIONAL STANDARD BOOK NUMBER
International Standard Book Number 0073309206
020 ## - INTERNATIONAL STANDARD BOOK NUMBER
International Standard Book Number 9780073309200
082 ## - DEWEY DECIMAL CLASSIFICATION NUMBER
Classification number 620.106
090 ## - LOCALLY ASSIGNED LC-TYPE CALL NUMBER (OCLC); LOCAL CALL NUMBER (RLIN)
-- 991
-- 991
100 1# - MAIN ENTRY--PERSONAL NAME
Personal name White, Frank.
245 10 - TITLE STATEMENT
Title Fluid mechanics with student cd /
Statement of responsibility, etc. Frank White.
250 ## - EDITION STATEMENT
Edition statement 6th ed.
260 ## - PUBLICATION, DISTRIBUTION, ETC.
Place of publication, distribution, etc. [S.l.] :
Name of publisher, distributor, etc. McGraw-Hill Science/Engineering/Math,
Date of publication, distribution, etc. 2008
300 ## - PHYSICAL DESCRIPTION
Extent 896 p. ;
Dimensions 24 cm.
490 1# - SERIES STATEMENT
Series statement Mcgraw-hill series in mechanical engineering.
700 ## - ADDED ENTRY--PERSONAL NAME
Personal name White, Frank.
830 ## - SERIES ADDED ENTRY--UNIFORM TITLE
Uniform title Mcgraw-hill series in mechanical engineering
942 ## - ADDED ENTRY ELEMENTS (KOHA)
Institution code [OBSOLETE] SNS
Koha item type Book
Call number prefix 620.106 WHI
Holdings
Withdrawn status Lost status Damaged status Not for loan Permanent Location Current Location Date acquired Total Checkouts Full call number Barcode Checked out Date last seen Date last checked out Price effective from Koha item type Source of classification or shelving scheme Shelving location Total Renewals
        School of Natural Sciences (SNS) School of Natural Sciences (SNS) 05/26/2016 7 620.106 WHI SNS0001169 03/01/2026 01/30/2026 01/30/2026 05/26/2016 Book      
        School of Natural Sciences (SNS) School of Natural Sciences (SNS) 04/05/2018 2 620.106 WHI SNS0002421 12/30/2021 09/01/2021 09/01/2021 04/05/2018 Book   Book Cart 1
© 2023 Central Library, National University of Sciences and Technology. All Rights Reserved.